[Event "8th Gibtelecom Masters"]
[Site "Caleta ENG"]
[Date "2010.01.26"]
[Round "1"]
[White "Osuna Vega,E"]
[Black "Andersen,N"]
[Result "1-0"]
[WhiteElo "2136"]
[BlackElo "1965"]
[EventDate "2010.01.26"]

1. d4 Nf6 2. Nf3 g6 3. Nc3 Bg7 4. e4 d6 5. Be3 c6 6. Qd2 b5 7. Bd3 O-O 8.
Bh6 Nbd7 9. e5 dxe5 10. dxe5 Ng4 11. Bxg7 Kxg7 12. Qf4 Nc5 13. h3 Nh6 14.
Rd1 Qc7 15. h4 Bg4 16. h5 Ne6 17. Qg3 f5 18. exf6+ Rxf6 19. Qxc7 Nxc7 20.
Be2 Rd6 21. hxg6 hxg6 22. O-O Rad8 23. Rde1 Bf5 24. Rc1 Ng4 25. Ng5 Nf6 26.
Bf3 Ne6 27. Nxe6+ Rxe6 28. Rfe1 Rdd6 29. a3 Kf7 30. Rxe6 Bxe6 31. Rd1 Rxd1+
32. Nxd1 Bd5 33. Be2 Be6 34. Ne3 Nd5 35. Nxd5 Bxd5 36. f4 Kf6 37. Kf2 e5
38. g3 a5 39. Ke3 a4 40. Bd3 g5 41. fxe5+ Kxe5 42. Be2 Be6 43. Bd1 c5 44.
Bf3 Bd7 45. c3 c4 46. Bb7 Be8 47. Kf2 Bd7 48. Kf3 Be8 49. Kg4 Kf6 50. Be4
Ke5 51. Ba8 Kf6 52. Bb7 Kg6 53. Kf3 Kf5 54. Bc8+ Ke5 55. Bb7 Bh5+ 56. Ke3
Be8 57. Bf3 Bd7 58. Bh5 Bc6 59. Bg6 Bd7 60. Kf3 Kf6 61. Bh5 Ke5 62. Bf7 Kf6
63. Bd5 Ke5 64. Be4 Be8 65. Bb7 Bh5+ 66. Kf2 Be8 67. Ke3 Bd7 68. Kf3 Be8
69. Kg4 Kf6 70. Bc8 Kg6 71. Kf3 Kf6 72. Ke4 Bc6+ 73. Kd4 Be8 74. Kd5 Bf7+
75. Kd6 Be8 76. Bg4 Kg6 77. Ke7 Bc6 78. Be6 Kg7 79. Bf5 Kh6 80. g4 Kg7 81.
Be6 Kg6 82. Bf7+ Kg7 83. Bh5 Bf3 84. Ke6 Be2 85. Kf5 Kh6 86. Ke4 Kg7 87.
Kf5 Kh6 88. Be8 Bd3+ 89. Kf6 Be2 90. Kf5 Bd3+ 91. Ke5 Be2 92. Bxb5 Bxg4 93.
Bxa4 Bf3 94. Bd7 Kh5 95. Kd4 g4 96. Bxg4+ Kxg4 97. Kxc4 Kf5 98. Kc5 Ke6 99.
b4 Kd7 100. Kb6 Bd1 101. c4 Bb3 102. c5 Ba4 103. b5 Bd1 104. Kb7 Bf3+ 105.
c6+ Kd6 106. Kb6 Bg4 107. a4 1-0

[Event "8th Gibtelecom Masters"]
[Site "Caleta ENG"]
[Date "2010.01.26"]
[Round "1"]
[White "Webster,R"]
[Black "De Andres Gonalons,F"]
[Result "1-0"]
[WhiteElo "1961"]
[BlackElo "2124"]
[EventDate "2010.01.26"]

1. e4 e6 2. d4 d5 3. Nc3 dxe4 4. Nxe4 Nd7 5. Nf3 Be7 6. Bd3 Ngf6 7. O-O
Nxe4 8. Bxe4 c5 9. c3 Qc7 10. Be3 O-O 11. Bc2 b6 12. Qd3 Nf6 13. Bg5 g6 14.
dxc5 Qxc5 15. Rad1 Bb7 16. h4 Rfd8 17. Qe2 Nh5 18. Bxe7 Qxe7 19. Be4 Nf4
20. Qe3 Bxe4 21. Qxe4 Qf6 22. Rd4 Rxd4 23. Qxa8+ Rd8 24. Qxa7 e5 25. Qa4
Qf5 26. Rd1 Rxd1+ 27. Qxd1 Qg4 28. Qf1 e4 29. Nh2 Qxh4 30. Qb5 Qf6 31. Qe8+
Kg7 32. Qxe4 Qd6 33. Nf3 Nd3 34. b3 h5 35. Qd4+ Qxd4 36. Nxd4 Kf6 37. Kf1
g5 38. a4 Ke5 39. Nf3+ Kf4 40. b4 f6 41. Nd2 Ne5 42. Ke2 h4 43. Nf1 Ke4 44.
Ne3 Nd7 45. f3+ Ke5 46. a5 bxa5 47. Nc4+ Kd5 48. Nxa5 f5 49. Ke3 Nb6 50.
Kf2 g4 51. fxg4 fxg4 52. Ke3 Na4 53. c4+ Kd6 54. Kf4 h3 55. gxh3 gxh3 56.
Kg3 Kc7 57. c5 Kb8 58. Kxh3 Ka7 59. Nc6+ Kb7 60. Nd4 Nb2 61. Kg4 Nd3 62.
c6+ Kb6 63. b5 Nb2 64. Kf5 Na4 65. Ke6 Kc7 66. Kd5 Nb6+ 67. Kc5 Na4+ 68.
Kb4 Nb2 69. Ne6+ Kb6 70. Nf4 Kc7 71. Kb3 Nd1 72. Nd5+ 1-0

[Event "8th Gibtelecom Masters"]
[Site "Caleta ENG"]
[Date "2010.01.26"]
[Round "1"]
[White "Vinas Guerrero,C"]
[Black "Jacobsen,FB"]
[Result "1-0"]
[WhiteElo "2120"]
[BlackElo "1952"]
[EventDate "2010.01.26"]

1. e4 e5 2. Nf3 Nc6 3. Bb5 a6 4. Bxc6 dxc6 5. O-O Bg4 6. h3 h5 7. d3 Qf6 8.
Nbd2 Ne7 9. Nc4 Ng6 10. hxg4 hxg4 11. Bg5 Qe6 12. Nh2 Rh5 13. Be3 Nf4 14.
Nxe5 Qxe5 15. Nxg4 Qg5 16. Bxf4 Qxf4 17. Nf6+ Qxf6 18. Qxh5 g6 19. e5 Qe7
20. Qg4 Qc5 21. c3 Be7 22. Rfe1 Kf8 23. e6 Kg7 24. exf7 Rf8 25. d4 Qg5 26.
Qxg5 Bxg5 27. Re8 Rxf7 28. Rae1 Bh4 29. g3 1-0

[Event "8th Gibtelecom Masters"]
[Site "Caleta ENG"]
[Date "2010.01.26"]
[Round "1"]
[White "Boesch,U"]
[Black "Tozer,R"]
[Result "1-0"]
[WhiteElo "2095"]
[BlackElo "2288"]
[EventDate "2010.01.26"]

1. e4 e6 2. d4 d5 3. Nc3 Nf6 4. e5 Nfd7 5. Nce2 c5 6. c3 Nc6 7. Nf3 cxd4 8.
cxd4 f6 9. exf6 Nxf6 10. g3 Bb4+ 11. Bd2 Qb6 12. Bc3 O-O 13. Bg2 Ne4 14.
O-O Bd6 15. Nd2 Nxd2 16. Qxd2 Bd7 17. f4 Ne7 18. Kh1 Nf5 19. Ng1 Rac8 20.
Rfe1 Rc4 21. Nf3 Rfc8 22. Bf1 Rb4 23. a3 Rb3 24. Rac1 a6 25. Be2 Qa7 26.
Bd3 Rb6 27. Bb1 g6 28. Ng5 Ng7 29. Qg2 Be7 30. Nf3 Bf6 31. Ne5 Bxe5 32.
Rxe5 Rbc6 33. Rce1 Rf8 34. h3 Kh8 35. Bd3 Rcc8 36. h4 Nf5 37. Bxf5 gxf5 38.
Rxe6 Bxe6 39. Rxe6 Rce8 40. Qxd5 Qb8 41. Qd7 Rxe6 42. Qxe6 1-0

[Event "8th Gibtelecom Masters"]
[Site "Caleta ENG"]
[Date "2010.01.26"]
[Round "1"]
[White "Collier,D"]
[Black "Mancini,G"]
[Result "1-0"]
[WhiteElo "2118"]
[BlackElo "1946"]
[EventDate "2010.01.26"]

1. d4 d5 2. c4 c6 3. Nf3 Nf6 4. Nc3 a6 5. e3 Nbd7 6. cxd5 cxd5 7. Bd3 e6 8.
O-O b5 9. a3 Bb7 10. b3 Rc8 11. Bb2 Ne4 12. Ne2 Be7 13. Nd2 O-O 14. f3 Nef6
15. g4 Qb6 16. Ng3 b4 17. a4 a5 18. Rf2 Bd6 19. g5 Ne8 20. f4 g6 21. h4 f6
22. gxf6 Nexf6 23. Rg2 Kf7 24. Nf3 Ke7 25. Ng5 Rg8 26. Qe2 Rc6 27. h5 Ba6
28. Bxa6 Qxa6 29. Qxa6 Rxa6 30. hxg6 Rxg6 31. Rc1 h6 32. Nf3 Ng4 33. Nf1
Kd8 34. Ne5 Ngxe5 35. dxe5 Rxg2+ 36. Kxg2 Be7 37. Bd4 Ra8 38. Rc6 Nf8 39.
Bb6+ Kd7 40. Rc7+ Ke8 41. Rc2 Ng6 42. Ng3 Ra6 43. Bd4 Ra8 44. Kh3 Kd7 45.
Nh5 Bd8 46. Ng7 Be7 47. Bb6 Bd8 48. Bxd8 Rxd8 49. Nh5 Ra8 50. Nf6+ Kd8 51.
Rc6 Nf8 52. Kg4 Ra7 53. Kf3 Ra8 54. Nxd5 exd5 55. Rxh6 1-0

[Event "8th Gibtelecom Masters"]
[Site "Caleta ENG"]
[Date "2010.01.26"]
[Round "1"]
[White "Doubleday,W"]
[Black "De Lillo,M"]
[Result "0-1"]
[WhiteElo "2115"]
[BlackElo "1934"]
[EventDate "2010.01.26"]

1. d4 Nf6 2. c4 g6 3. Nc3 Bg7 4. e4 d6 5. Be2 O-O 6. Nf3 e5 7. O-O Nc6 8.
d5 Ne7 9. Ne1 Ne8 10. Nd3 f5 11. Bd2 Nf6 12. f3 f4 13. c5 g5 14. cxd6 cxd6
15. Nf2 h5 16. h3 Kh8 17. a4 Neg8 18. Qc2 Nh6 19. Nb5 Rf7 20. Rfc1 Ne8 21.
Ra3 a6 22. Rc3 Bd7 23. Nc7 Nxc7 24. Rxc7 Bxa4 25. Qc3 Rxc7 26. Qxc7 Qxc7
27. Rxc7 Rb8 28. Ba5 Bf6 29. Rc3 Nf7 30. Bb6 Kg8 31. Kf1 Kf8 32. Ke1 Bd7
33. Kd2 Bd8 34. Bxd8 Nxd8 35. Rc7 Ke8 36. Nd1 Rc8 37. Rxc8 Bxc8 38. Kc3 Kd7
39. b4 b5 40. Nf2 Kc7 41. Nd3 Kb6 42. Nc1 Bd7 43. Nb3 Nb7 44. Nd2 a5 45.
Nb3 axb4+ 46. Kxb4 Nc5 47. Nxc5 dxc5+ 48. Kb3 Ka5 49. Ka3 c4 50. Bf1 b4+
51. Ka2 Kb5 52. Kb2 Kc5 53. Kc2 Kd4 54. Be2 Ba4+ 55. Kb2 c3+ 56. Kc1 b3 57.
Ba6 Bd7 58. Bb7 Kc5 59. Ba6 g4 60. h4 gxf3 61. gxf3 Kb4 62. Bb7 Ka3 63. Bc6
Bxc6 64. dxc6 Ka2 0-1

[Event "8th Gibtelecom Masters"]
[Site "Caleta ENG"]
[Date "2010.01.26"]
[Round "1"]
[White "Tari,A"]
[Black "Fox,An"]
[Result "1/2-1/2"]
[WhiteElo "1932"]
[BlackElo "2113"]
[EventDate "2010.01.26"]

1. e4 e5 2. Nf3 Nc6 3. Bb5 a6 4. Ba4 Nf6 5. O-O Be7 6. Re1 b5 7. Bb3 d6 8.
c3 O-O 9. h3 Bb7 10. d4 Re8 11. Ng5 Rf8 12. Nf3 h6 13. Nbd2 Re8 14. a3 Bf8
15. Bc2 Nb8 16. b4 Nbd7 17. Bb2 c5 18. d5 c4 19. Nf1 g6 20. Bc1 Bg7 21. Ng3
a5 22. Be3 axb4 23. axb4 Qc7 24. Rxa8 Rxa8 25. Qc1 Kh7 26. Qb2 Qb8 27. Ra1
Rxa1+ 28. Qxa1 Qa8 29. Qxa8 Bxa8 30. Kf1 1/2-1/2

[Event "8th Gibtelecom Masters"]
[Site "Caleta ENG"]
[Date "2010.01.26"]
[Round "1"]
[White "Fokin,Se RUS"]
[Black "Winkler,St"]
[Result "1-0"]
[WhiteElo "2109"]
[BlackElo "1916"]
[EventDate "2010.01.26"]

1. Nf3 Nf6 2. c4 e6 3. d4 Bb4+ 4. Nbd2 O-O 5. g3 d5 6. Qc2 Ne4 7. Bg2 f5 8.
O-O Nd7 9. cxd5 exd5 10. Qb3 Bxd2 11. Qxd5+ Kh8 12. Bxd2 c6 13. Qb3 Nxd2
14. Nxd2 Nf6 15. Nf3 Nd5 16. Ne5 a5 17. Bxd5 cxd5 18. e3 g5 19. f4 g4 20.
Rac1 Ra6 21. Rc5 Rb6 22. Qa3 Be6 23. Rf2 Bg8 24. Qxa5 Qd6 25. Qc3 Qd8 26.
Rc7 Be6 27. b3 Kg8 28. h3 Rf6 29. Rc2 gxh3 30. Kh2 Kh8 31. Qa5 Ra6 32.
Rxh7+ 1-0

[Event "8th Gibtelecom Masters"]
[Site "Caleta ENG"]
[Date "2010.01.26"]
[Round "1"]
[White "Grant,D SCO"]
[Black "Flermoen,P"]
[Result "1-0"]
[WhiteElo "1913"]
[BlackElo "2108"]
[EventDate "2010.01.26"]

1. e4 c5 2. c3 Nf6 3. e5 Nd5 4. d4 cxd4 5. cxd4 Nc6 6. Nc3 Nxc3 7. bxc3 e6
8. f4 d6 9. Nf3 Be7 10. Bd3 O-O 11. O-O b6 12. Ba3 h6 13. Qe1 Bb7 14. Qe4
g6 15. Qe3 Kg7 16. Rae1 Rc8 17. Bc1 Rh8 18. g4 dxe5 19. fxe5 Na5 20. Nd2
Rxc3 21. Ne4 Bxe4 22. Qxe4 Qe8 23. Bb2 Rc8 24. d5 Bh4 25. Re3 Rf8 26. Ref3
Kh8 27. Rh3 Bg5 28. Rf6 exd5 29. e6 Kh7 30. Qe5 Qa4 31. Qxg5 1-0

[Event "8th Gibtelecom Masters"]
[Site "Caleta ENG"]
[Date "2010.01.26"]
[Round "1"]
[White "Hagen,Ande"]
[Black "Frey,Ma"]
[Result "1-0"]
[WhiteElo "2108"]
[BlackElo "1907"]
[EventDate "2010.01.26"]

1. d4 d5 2. c4 c6 3. Nf3 e6 4. e3 Nf6 5. Nc3 Nbd7 6. Bd3 dxc4 7. Bxc4 b5 8.
Bd3 a6 9. e4 c5 10. e5 cxd4 11. Nxb5 axb5 12. exf6 e5 13. fxg7 Bxg7 14. O-O
Bb7 15. Re1 Bxf3 16. Qxf3 Rc8 17. Qg4 Kf8 18. Bg5 f6 19. Bd2 1-0

[Event "8th Gibtelecom Masters"]
[Site "Caleta ENG"]
[Date "2010.01.26"]
[Round "1"]
[White "Johnson,P"]
[Black "Demac,E"]
[Result "1/2-1/2"]
[WhiteElo "1904"]
[BlackElo "2104"]
[EventDate "2010.01.26"]

1. d4 Nf6 2. c4 g6 3. Nc3 Bg7 4. Nf3 O-O 5. e4 d6 6. Be2 e5 7. dxe5 dxe5 8.
Qxd8 Rxd8 9. Bg5 Re8 10. h3 c6 11. O-O-O Nbd7 12. Be3 Bf8 13. Bd3 b6 14.
Bc2 Ba6 15. b3 Ba3+ 16. Kb1 Rac8 17. Bc1 Bc5 18. Be3 Bxe3 19. fxe3 Kg7 20.
g4 h6 21. Rh2 Nf8 22. Rhd2 Ne6 23. Ne2 Ng5 24. Nxg5 hxg5 25. Ng3 Rh8 26.
Rh1 Rcd8 27. Kc1 c5 28. Bd1 Bb7 29. Bf3 a6 30. a4 Bc6 31. Kc2 b5 32. axb5
axb5 33. cxb5 Rxd2+ 34. Kxd2 Bxb5 35. Kc3 Kf8 36. Bg2 Ke7 37. Ra1 Rd8 38.
Bf1 Bxf1 39. Rxf1 Ra8 40. Kb2 Rb8 41. Rc1 Kd6 42. Rd1+ Ke6 43. Rc1 Nd7 44.
Rc2 Kd6 45. Nh1 Rb4 46. Rc4 Rb5 47. Rc1 Nb6 48. Kc3 Rb4 49. Nf2 f6 50. Ra1
Nd7 1/2-1/2

[Event "8th Gibtelecom Masters"]
[Site "Caleta ENG"]
[Date "2010.01.26"]
[Round "1"]
[White "Ogada Osir,I"]
[Black "Sommerhalder,E"]
[Result "1-0"]
[WhiteElo "2104"]
[BlackElo "1899"]
[EventDate "2010.01.26"]

1. c4 e5 2. Nc3 Nc6 3. g3 Nf6 4. Bg2 Bc5 5. e3 d5 6. cxd5 Nb4 7. d4 exd4 8.
exd4 Be7 9. Nf3 O-O 10. O-O Bf5 11. Ne5 Nfxd5 12. a3 Nxc3 13. bxc3 Nd5 14.
c4 Nc3 15. Qe1 Na4 16. Bxb7 Qxd4 17. Nc6 Qxa1 18. Nxe7+ Kh8 19. Bxa8 Bd3
20. Bd5 Bxf1 21. Kxf1 Nc5 22. Bd2 Qxa3 23. Bb4 Qd3+ 24. Kg1 Nd7 25. Nc6 Rg8
26. Qe7 Qb1+ 27. Kg2 Nf6 28. Ne5 h6 29. Nxf7+ Kh7 30. Bf3 Re8 31. Qc5 Kg6
32. Ne5+ Rxe5 33. Qxe5 Qxb4 34. Qxc7 a5 35. c5 a4 36. c6 a3 37. Qa7 Qc3 38.
Qa4 Qc1 39. h4 Qb2 40. h5+ Kf5 41. c7 Qc3 42. Qc6 1-0

[Event "8th Gibtelecom Masters"]
[Site "Caleta ENG"]
[Date "2010.01.26"]
[Round "1"]
[White "Pereira,Joh"]
[Black "Allor,C"]
[Result "1-0"]
[WhiteElo "1892"]
[BlackElo "2100"]
[EventDate "2010.01.26"]

1. d4 Nf6 2. c4 g6 3. Nc3 d5 4. Nf3 Bg7 5. Qb3 dxc4 6. Qxc4 O-O 7. e4 Nc6
8. Be2 Bg4 9. Be3 Nd7 10. Rd1 Nb6 11. Qc5 Nd7 12. Qb5 Bxf3 13. Bxf3 e5 14.
Ne2 Qe7 15. O-O exd4 16. Nxd4 Nde5 17. Be2 a6 18. Nxc6 Nxc6 19. Qxb7 Nb4
20. Rc1 Nxa2 21. Rxc7 Qf6 22. Bc4 Rab8 23. Rxf7 Rxb7 24. Rxf6+ Kh8 1-0

[Event "8th Gibtelecom Masters"]
[Site "Caleta ENG"]
[Date "2010.01.26"]
[Round "1"]
[White "Fegan,C"]
[Black "Steinskog,A"]
[Result "0-1"]
[WhiteElo "2093"]
[BlackElo "1884"]
[EventDate "2010.01.26"]

1. d4 d5 2. Nf3 Nf6 3. e3 e6 4. Bd3 c5 5. b3 Nc6 6. O-O Bd6 7. Bb2 O-O 8.
Ne5 Qc7 9. f4 cxd4 10. Nxc6 bxc6 11. Nd2 e5 12. fxe5 Bxe5 13. Nf3 Ng4 14.
exd4 Bxh2+ 15. Kh1 f5 16. Qe2 Bd7 17. Ne5 Rae8 18. Rae1 Bg3 19. Ba3 Qd8 20.
Nxg4 Rxe2 21. Rxe2 Qh4+ 22. Kg1 Qxg4 23. Bxf8 Qxd4+ 0-1

[Event "8th Gibtelecom Masters"]
[Site "Caleta ENG"]
[Date "2010.01.26"]
[Round "1"]
[White "Bishop,G"]
[Black "Havik,V"]
[Result "0-1"]
[WhiteElo "1851"]
[BlackElo "2093"]
[EventDate "2010.01.26"]

1. e4 e5 2. Nf3 Nc6 3. Nc3 Nf6 4. Nxe5 Nxe5 5. d4 Nc6 6. d5 Ne5 7. f4 Bd6
8. Qd4 Nfg4 9. Be2 O-O 10. Bd2 b6 11. O-O-O Bc5 12. Qa4 d6 13. fxe5 Nxe5
14. h3 a6 15. g4 Bf2 16. Rdf1 Bh4 17. Nd1 Bd7 18. Qd4 b5 19. Ne3 Bg5 20.
Nf5 Bxf5 21. Rxf5 Bxd2+ 22. Qxd2 Qe7 23. h4 Rac8 24. h5 c5 25. g5 f6 26.
gxf6 Rxf6 27. Rg1 h6 28. Bf1 Rxf5 29. exf5 Nf3 30. Qf2 Nxg1 31. Qxg1 Qe1+
0-1

[Event "8th Gibtelecom Masters"]
[Site "Caleta ENG"]
[Date "2010.01.26"]
[Round "1"]
[White "Lumsdon,A"]
[Black "Chidi,L"]
[Result "1/2-1/2"]
[WhiteElo "2090"]
[BlackElo "1832"]
[EventDate "2010.01.26"]

1. d4 Nf6 2. Nf3 g6 3. e3 Bg7 4. b4 d6 5. Bb2 c6 6. c4 O-O 7. Nbd2 Nbd7 8.
Qb3 a5 9. a3 axb4 10. axb4 Rxa1+ 11. Bxa1 c5 12. dxc5 dxc5 13. b5 b6 14.
Be2 Bb7 15. O-O Qc7 16. Bc3 Ra8 17. Qb2 Ne8 18. h4 Bxc3 19. Qxc3 Nef6 20.
Nh2 Qe5 21. Qc1 Ra2 22. Ng4 Nxg4 23. Bxg4 Nf6 24. Bf3 Bxf3 25. Nxf3 Qe4 26.
Qd1 Ra8 27. Qe2 Rd8 28. Ra1 Ra8 29. Rxa8+ Qxa8 30. Qd3 Qa1+ 31. Kh2 Qa8 32.
Ne5 h5 33. f4 Qc8 34. g3 Ng4+ 35. Nxg4 Qxg4 36. e4 Qe6 37. e5 Kg7 38. Kg2
1/2-1/2

[Event "8th Gibtelecom Masters"]
[Site "Caleta ENG"]
[Date "2010.01.26"]
[Round "1"]
[White "Yarur Elsaca,D"]
[Black "Freuler,R"]
[Result "0-1"]
[WhiteElo "1815"]
[BlackElo "2082"]
[EventDate "2010.01.26"]

1. e4 c5 2. c3 Nf6 3. e5 Nd5 4. d4 e6 5. c4 Nb6 6. d5 d6 7. Nf3 dxe5 8.
Nxe5 exd5 9. Nc3 d4 10. Ne4 Qe7 11. f4 f6 12. Bd3 fxe5 13. O-O Nc6 14. f5
Nd7 15. Bg5 Nf6 16. Qb3 b6 17. Rae1 Bb7 18. Qb5 O-O-O 19. a3 Qf7 20. Nd2
Bd6 21. Nb3 Rde8 22. h3 Nb8 23. Nd2 h6 24. Bh4 e4 25. Bb1 e3 26. Nb3 Bc6
27. Nxd4 Bxb5 28. Nxb5 Qe7 29. Rd1 Be5 30. Rfe1 a6 31. Bxf6 gxf6 32. Nc3
Bxc3 33. bxc3 Rd8 0-1

[Event "8th Gibtelecom Masters"]
[Site "Caleta ENG"]
[Date "2010.01.26"]
[Round "1"]
[White "Pienabarca,N"]
[Black "Rough,R"]
[Result "1-0"]
[WhiteElo "2071"]
[BlackElo "1811"]
[EventDate "2010.01.26"]

1. d4 Nf6 2. Nf3 e6 3. g3 Bb4+ 4. c3 Be7 5. Bg2 d5 6. O-O O-O 7. c4 c6 8.
Qc2 Nbd7 9. Nbd2 h6 10. e4 dxe4 11. Nxe4 Nxe4 12. Qxe4 c5 13. Rd1 cxd4 14.
Nxd4 Nf6 15. Qe2 Qb6 16. Nb3 Bd7 17. Be3 Qc7 18. Bf4 Qc8 19. Na5 Bc6 20.
Nxc6 bxc6 21. Bd6 Re8 22. Qf3 a5 23. Qxc6 Ra7 24. Qxc8 Rxc8 25. Bxe7 Rxe7
26. b3 a4 27. Rd3 Ra7 28. Rad1 Rcc7 29. Rc3 axb3 30. axb3 Ra2 31. Bf3 g5
32. h3 Rb2 33. Rd8+ Kg7 34. Rb8 Rd7 35. c5 Rdd2 36. c6 Rdc2 37. Rxc2 Rxc2
38. b4 e5 39. b5 e4 40. Bg4 Nd5 41. Rd8 Nb6 42. Rd4 Rc5 43. Be2 f5 44. g4
1-0

[Event "8th Gibtelecom Masters"]
[Site "Caleta ENG"]
[Date "2010.01.26"]
[Round "1"]
[White "Gonzalez Amaya,M"]
[Black "Dasaolu,A"]
[Result "0-1"]
[WhiteElo "1805"]
[BlackElo "2068"]
[EventDate "2010.01.26"]

1. e4 c5 2. Nc3 Nc6 3. g3 g6 4. Bg2 Bg7 5. Nge2 e6 6. O-O Nge7 7. d3 O-O 8.
f4 d5 9. e5 b6 10. g4 f6 11. exf6 Bxf6 12. Ng3 Bd7 13. Nce2 Qc7 14. c3 e5
15. f5 gxf5 16. Nxf5 Bxf5 17. gxf5 Kh8 18. Ng3 Rg8 19. Kh1 Qd6 20. Qc2 Rae8
21. Qf2 Nd8 22. c4 Nf7 23. Nh5 d4 24. Ng3 Bh4 25. Ne4 Bxf2 26. Nxd6 Nxd6
27. Rxf2 Ref8 28. f6 Nef5 29. Bg5 h6 30. Be4 hxg5 31. Bxf5 Rxf6 32. Raf1
Rgf8 0-1

[Event "8th Gibtelecom Masters"]
[Site "Caleta ENG"]
[Date "2010.01.26"]
[Round "1"]
[White "Compton,A"]
[Black "Fox,P"]
[Result "1/2-1/2"]
[WhiteElo "2066"]
[BlackElo "1788"]
[EventDate "2010.01.26"]

1. e4 e5 2. Nf3 Nc6 3. Nc3 Nf6 4. d4 Bb4 5. Nxe5 O-O 6. Nxc6 dxc6 7. e5 Re8
8. Bg5 c5 9. Bb5 c6 10. O-O Qxd4 11. exf6 gxf6 12. Qxd4 cxd4 13. Bxf6 dxc3
14. bxc3 Bxc3 15. Bxc3 cxb5 16. f4 Bf5 17. Rf3 Re6 18. Bd4 Rc8 19. c3 a5
20. h3 h5 21. a3 Kh7 22. Kf2 Rc4 23. Re3 b4 24. axb4 axb4 25. Ra4 b3 26.
Rxc4 b2 27. Rb4 b1=Q 28. Rxb1 Bxb1 29. Rf3 f5 30. Rg3 Rg6 31. Re3 Be4 32.
g3 Ra6 33. Re2 Ra1 34. g4 Rh1 35. Kg3 hxg4 36. hxg4 Kg6 37. g5 Rf1 38. Bf2
Rc1 39. Be1 Rd1 40. Bf2 Kh5 41. Bd4 Rd3+ 1/2-1/2

[Event "8th Gibtelecom Masters"]
[Site "Caleta ENG"]
[Date "2010.01.26"]
[Round "1"]
[White "Valhondo Morales,R"]
[Black "Brown,Th"]
[Result "1/2-1/2"]
[WhiteElo "1762"]
[BlackElo "2064"]
[EventDate "2010.01.26"]

1. e4 c5 2. Nf3 g6 3. d4 cxd4 4. Nxd4 Nc6 5. Nc3 Bg7 6. Be3 Nf6 7. f3 O-O
8. Bc4 Qb6 9. O-O Ng4 10. fxg4 Bxd4 11. Bxd4 Qxd4+ 12. Qxd4 Nxd4 13. Nd5
Nc6 14. Bb5 Kg7 15. e5 Nxe5 16. Nxe7 d6 17. Nxc8 Raxc8 18. c3 a6 19. Be2
Rfd8 20. Rf4 Kf8 21. g5 b5 22. a4 bxa4 23. Rfxa4 Rb8 24. R1a2 d5 25. Bxa6
Nc4 26. Bxc4 dxc4 27. Rxc4 Rd1+ 28. Kf2 Rd2+ 29. Kf3 Rdxb2 30. Rxb2 Rxb2
31. Re4 Rc2 32. c4 Kg7 33. h4 f5 34. gxf6+ Kxf6 35. g4 h6 36. Kf4 Rf2+ 37.
Ke3 Rh2 38. c5 Rxh4 39. g5+ hxg5 40. c6 Rxe4+ 41. Kxe4 1/2-1/2

[Event "8th Gibtelecom Masters"]
[Site "Caleta ENG"]
[Date "2010.01.26"]
[Round "1"]
[White "Jameson,D"]
[Black "Kuenitz,K"]
[Result "1-0"]
[WhiteElo "2053"]
[BlackElo "1755"]
[EventDate "2010.01.26"]

1. e4 e6 2. d4 d5 3. Nd2 dxe4 4. Nxe4 Nd7 5. Bd3 Ngf6 6. Qe2 c5 7. Nxf6+
Nxf6 8. dxc5 Bxc5 9. Bd2 Qb6 10. O-O-O Bxf2 11. Nf3 O-O 12. Rhf1 Bc5 13.
Ne5 Bd4 14. c3 Bxe5 15. Qxe5 Ng4 16. Bxh7+ Kxh7 17. Qh5+ Nh6 18. Bxh6 gxh6
19. Rxf7+ Rxf7 20. Qxf7+ Kh8 21. Qf8+ Kh7 22. Rf1 Qe3+ 23. Kb1 Bd7 24. Rf7+
Kg6 25. Rg7+ Kh5 26. Qf7+ Kh4 27. Qf6+ Kh5 28. g4+ 1-0

[Event "8th Gibtelecom Masters"]
[Site "Caleta ENG"]
[Date "2010.01.26"]
[Round "1"]
[White "Hirneise,L"]
[Black "Flores Chico,J"]
[Result "0-1"]
[WhiteElo "1707"]
[BlackElo "2052"]
[EventDate "2010.01.26"]

1. d4 Nf6 2. c4 g6 3. Nc3 Bg7 4. e4 d6 5. Nf3 O-O 6. Be2 e5 7. O-O Nc6 8.
d5 Ne7 9. Ne1 Nd7 10. Nd3 f5 11. f3 a5 12. Be3 f4 13. Bf2 b6 14. Nb5 Nc5
15. Qc2 g5 16. Rfb1 h5 17. b4 Nxd3 18. Bxd3 axb4 19. Rxb4 g4 20. Kf1 Ng6
21. Ke2 g3 22. hxg3 fxg3 23. Be3 Nf4+ 24. Bxf4 exf4 25. Rh1 h4 26. Kd2 h3
27. Bf1 h2 28. Kd1 Bd7 29. Be2 Qf6 30. Rb1 Bxb5 31. cxb5 Qd4+ 32. Qd3 Ra3
33. Rb3 Rxa2 34. Rb1 0-1

[Event "8th Gibtelecom Masters"]
[Site "Caleta ENG"]
[Date "2010.01.26"]
[Round "1"]
[White "Haraldsson,L"]
[Black "Gates,D"]
[Result "1-0"]
[WhiteElo "2050"]
[BlackElo "1702"]
[EventDate "2010.01.26"]

1. f4 d5 2. Nf3 Nf6 3. g3 Nc6 4. Bg2 e6 5. O-O Bc5+ 6. d4 Bb6 7. c3 O-O 8.
e3 a5 9. Nh4 Ne7 10. Nd2 c5 11. Kh1 Bd7 12. a4 Bc6 13. b3 Rc8 14. Ba3 cxd4
15. cxd4 Re8 16. Rc1 Nf5 17. Qe2 Ba7 18. Bh3 g6 19. Nhf3 Ne4 20. Rg1 Bb8
21. g4 Nfd6 22. Rcf1 b5 23. f5 bxa4 24. fxg6 hxg6 25. Bxd6 Nxd6 26. Qf2
axb3 27. Ne5 Rf8 28. Nxb3 Bb5 29. Ra1 Ne4 30. Qb2 Qh4 31. Nc5 Nf2+ 32. Kg2
Qxh3+ 33. Kxf2 Qxh2+ 34. Rg2 Qh4+ 35. Kf3 Bxe5 36. dxe5 Rxc5 37. Rh2 Qg5
38. Rah1 f5 39. Rh8+ Kf7 40. Rxf8+ Kxf8 41. Rg1 a4 42. Qb4 Qe7 43. gxf5
Be2+ 44. Kf2 gxf5 45. Qb8+ Qe8 46. Qd6+ Qe7 47. Rg8+ Kf7 48. Rg7+ 1-0

[Event "8th Gibtelecom Masters"]
[Site "Caleta ENG"]
[Date "2010.01.26"]
[Round "1"]
[White "Hegelund,O"]
[Black "Obiamiwe,P"]
[Result "0-1"]
[WhiteElo "1702"]
[BlackElo "2046"]
[EventDate "2010.01.26"]

1. e4 c5 2. Nf3 d6 3. d4 cxd4 4. Nxd4 Nf6 5. Nc3 a6 6. h3 e6 7. g4 h6 8.
Bg2 Qc7 9. Be3 Nbd7 10. O-O Be7 11. Qd2 Rb8 12. Rfd1 b5 13. f4 Bb7 14. e5
dxe5 15. fxe5 Nxe5 16. Bf4 g5 17. Bg3 Nf3+ 18. Kf2 Qxg3+ 19. Kxg3 Nxd2 20.
Rxd2 Bxg2 21. Kxg2 Rc8 22. a3 O-O 23. Re2 Rfd8 24. Nb3 Bf8 25. Rf1 Nd5 26.
Nxd5 Rxd5 27. c3 Bg7 28. Rd2 Rcd8 29. Rff2 Be5 30. Rxd5 Rxd5 31. Kf3 f5 32.
Rd2 Rxd2 33. Nxd2 Kf7 34. Nb3 Ke7 35. Ke3 Kd6 36. Na5 Kd5 37. Kd3 Bc7 38.
c4+ bxc4+ 39. Nxc4 f4 0-1

[Event "8th Gibtelecom Masters"]
[Site "Caleta ENG"]
[Date "2010.01.26"]
[Round "1"]
[White "Cafolla,P"]
[Black "Hansen,Erl"]
[Result "1-0"]
[WhiteElo "2042"]
[BlackElo "1699"]
[EventDate "2010.01.26"]

1. d4 f5 2. e4 fxe4 3. Nc3 Nf6 4. Bg5 Nc6 5. f3 e5 6. d5 Nd4 7. Nxe4 Be7 8.
Bxf6 Bxf6 9. Bd3 d6 10. Ne2 Bh4+ 11. N2g3 O-O 12. O-O Nf5 13. Nxf5 Bxf5 14.
Nc3 Qg5 15. Qe2 Qf4 16. Be4 Rf6 17. Rad1 Rh6 18. Bxf5 Qxf5 19. Qe4 Qh5 20.
h3 Rg6 21. f4 Bg3 22. Ne2 Qh4 23. Nxg3 Rxg3 24. Qf5 Rg6 25. fxe5 Qe7 26. e6
Rf6 27. Qd3 Raf8 28. Rxf6 Rxf6 29. Rf1 Rg6 30. Rf7 Qg5 31. Qf3 Rf6 32. Rxf6
gxf6 33. Qg4 Qxg4 34. hxg4 c6 35. c4 Kf8 36. Kf2 Ke7 37. Ke3 b5 38. b3 a5
39. dxc6 Kxe6 40. cxb5 1-0

[Event "8th Gibtelecom Masters"]
[Site "Caleta ENG"]
[Date "2010.01.26"]
[Round "1"]
[White "Carlsen,I"]
[Black "Hamer,M"]
[Result "0-1"]
[WhiteElo "1508"]
[BlackElo "2039"]
[EventDate "2010.01.26"]

1. e4 e5 2. Nf3 Nf6 3. Nxe5 d6 4. Nc4 Nxe4 5. Nc3 Nxc3 6. dxc3 Be7 7. Be2
O-O 8. O-O Be6 9. Bf4 Bg5 10. Bxg5 Qxg5 11. Ne3 Nc6 12. Bf3 Ne7 13. b3 d5
14. Qe2 c6 15. Rad1 Rad8 16. Bg4 Bxg4 17. Qxg4 Qxg4 18. Nxg4 Rfe8 19. Rfe1
Nf5 20. Ne3 Nd6 21. a4 f5 22. f3 Kf7 23. Kf2 h5 24. g3 g5 25. h3 Kf6 26.
Rd3 Nf7 27. Ng2 Rxe1 28. Kxe1 Re8+ 29. Re3 Rxe3+ 30. Nxe3 f4 31. Nf1 fxg3
32. Nxg3 h4 33. Ne2 c5 34. Kf2 Kf5 35. Ke3 a5 36. Nc1 Nd8 37. Ne2 Ne6 38.
Ng1 Nf4 39. Kf2 d4 40. cxd4 cxd4 41. Kf1 Ke5 42. Ke1 Kd5 43. Kd2 Kc5 44.
Kd1 Kb4 45. Kd2 b6 46. Kd1 Kc3 47. Kc1 d3 48. cxd3 Kxd3 49. Kd1 Kc3 50.
Ne2+ Nxe2 51. Kxe2 Kxb3 0-1